00396nam a2200181Ia 4500003000900000008004100009040001300050040001300063041000900076100002200085245004700107250000900154260001500163260000900178300001100187300001000198490000600208IT-RoPAU120407s9999 xx 000 0 und d aIT-RoPAU cIT-RoPAU alat  aSebastianus Tromp aDe sacrae Scripturae inspiratione. 3a. ed. aRoma aGregoriana c1936 a164 p. c23 cm v1